01720cam a2200325 a 450000100040000000500170000400800410002102000300006204000300009205000240012208200150014610000170016124500510017826000430022930000240027250000240029650500060032052005680032652100180089452100180091265000230093065000260095365000220097970000280100190600450102994200150107499900130108995201460110295201460124850620230511101244.0040323r20031972nyu c 000 1 eng  a0142302317 (Puffin Books) aDLCcDLCdDLCdFISKHbeng00aPZ7.B6265bTal 200300a813.542221 aBlume, Judy.10aTales of a fourth grade nothing /cJudy Blume. aNew York, N.Y. :bPuffin Books,c2003. a120 pages ;c20 cm. aSequel: Superfudge. aH aPeter finds his demanding two-and-a-half-year-old brother an ever increasing problem. Living with his little brother, Fudge, makes Peter Hatcher feel like a fourth grade nothing. Whether Fudge is throwing a temper tantrum in a shoe store, smearing smashed potatoes on walls at Hamburger Heaven, or scribbling all over Peter's homework, he's never far from trouble. He's a two-year-old terror who gets away with everything—and Peter's had enough. When Fudge walks off with Dribble, Peter's pet turtle, it's the last straw. Peter has put up with Fudge too long.  a470 bLexile aH bRaz-Plus 1aBrothersvFiction. 1aFamily lifevFiction. 1aHumorous stories.1 aDoty, Roy,d1922-eill. a7bcbccorigcopd3encipf20gy-gencatlg 2ddccBKn0 c506d506 00102ddc40708JUVFa001b001cTK Blued2023-05-11l4oBLU 813.54 PZ7.B6265pFISTK00594r2025-03-12 09:37:12s2025-02-05t1w2023-05-11yBK 00102ddc40708JUVFa001b001cTK Blued2023-05-11l1oBLU 813.54 PZ7.B6265pFISTK00596r2025-04-30 08:07:24s2025-04-23t2w2023-05-11yBK